Stem Cells: From Hydra To Man : (Record no. 598524)

MARC details
000 -LEADER
fixed length control field 00449nam a2200181 a 4500
008 - FIXED-LENGTH DATA ELEMENTS--GENERAL INFORMATION
fixed length control field 251124s2009##################000#0#eng##
020 ## - INTERNATIONAL STANDARD BOOK NUMBER
ISBN 9788184892468
082 04 - DEWEY DECIMAL CLASSIFICATION NUMBER
Classification number 616.02774
Item number BOS
100 1# - MAIN ENTRY--AUTHOR NAME
Personal name Thomas,
245 10 - TITLE STATEMENT
Title Stem Cells: From Hydra To Man :
260 ## - PUBLICATION, DISTRIBUTION, ETC. (IMPRINT)
Year of publication 2009.
300 ## - PHYSICAL DESCRIPTION
Number of Pages 204 pages
942 ## - ADDED ENTRY ELEMENTS (KOHA)
Koha item type English Books
Holdings
Withdrawn status Lost status Damaged status Not for loan Home library Current library Shelving location Date acquired Full call number Accession Number Price effective from Koha item type
        Anna Centenary Library Anna Centenary Library 5TH FLOOR, B WING 24.11.2025 616.02774 BOS 324785 24.11.2025 English Books

Find us on the map